Statistics for Song Lyrics: Rammstein - Das alte Leid

Click here to take the quiz!

General Stats

  • This quiz has been taken 36 times
  • The average score is 142 of 214

Answer Stats

Text% Correct
Das
100%
das
100%
alte
95%
ich
95%
Ich
95%
Leid.
95%
und
86%
Und
86%
der
82%
in
77%
ficken.
73%
ficken,
73%
will
73%
Bohne
68%
ein
68%
Ein
68%
Licht.
68%
Licht,
68%
Nie
68%
auf
64%
Aus
64%
den
64%
gehen
59%
Hallo.
59%
Hallo,
59%
weiß
59%
Weiß
59%
Wesen
59%
Für
55%
für
55%
junger
55%
Leib.
55%
Leib,
55%
Matte
55%
mehr,
55%
mehr.
55%
mehr,.
55%
mich
55%
Mich
55%
Sache
55%
zu
55%
Dieselbe
50%
dieselbe
50%
endlich:
50%
endlich
50%
Nichts
50%
nichts
50%
Puppen
50%
seine
50%
drängt.
45%
Mir
45%
mit
45%
Schicksal
45%
so
45%
was
45%
wird
45%
wo
45%
hier
41%
lenkt.
41%
Meine
41%
noch
41%
treibt.
41%
am
36%
fault
36%
Herz
36%
immer
36%
jeder
36%
Krieg.
36%
langsam
36%
nun
36%
Tränen
36%
verschenkt.
36%
Wahnsinn
36%
bleibt.
32%
derselbe
32%
fängt.
32%
fängt
32%
Gelächter
32%
tobt
32%
Ende
27%
versengt.
14%

Score Distribution

Percentile by Number Answered

Percent of People with Each Score

Your Score History

You have not taken this quiz